Normal view
MARC view
- اشراف الديوان الملكي الهاشمي؛ اعداد وتحرير بكر خازر المجالي؛ المتابعة والتنسيق منتهى قبلان العبداللات، المتابعة والتنسيق جنان زكي أبو زياد
Entry Personal Name
001 - CONTROL NUMBER
- control field: 53315
003 - CONTROL NUMBER IDENTIFIER
- control field: JO-AjAnu
005 - DATE AND TIME OF LATEST TRANSACTION
- control field: 20230606082746.0
008 - FIXED-LENGTH DATA ELEMENTS
- fixed length control field: 230606|| aca||aabn | a|a d
040 ## - CATALOGING SOURCE
- Original cataloging agency: JO-AjAnu
- Transcribing agency: JO-AjAnu
100 ## - HEADING--PERSONAL NAME
- Personal name: اشراف الديوان الملكي الهاشمي؛ اعداد وتحرير بكر خازر المجالي؛ المتابعة والتنسيق منتهى قبلان العبداللات، المتابعة والتنسيق جنان زكي أبو زياد
670 ## - SOURCE DATA FOUND
- Source citation: Work cat.: (JO-AjAnu)27238: اشراف الديوان الملكي الهاشمي؛ اعداد وتحرير بكر خازر المجالي؛ المتابعة والتنسيق منتهى قبلان العبداللات، المتابعة والتنسيق جنان زكي أبو زياد, author, خطب العرش السامي لصاحب الجلالة الهاشمية المغفورالملك عبدالله الثاني بن الحسبن طيب الله ثراه ولصاحب الجلالة الهاشمية المغفور له الملك طلال بن عبدالله طيب الله ثراه ولصاحب الجلالة الهاشمية المغفور له الملك الحسين بن طلال طيب الله ثراه 1348-1387هجري/1929-1967م، ج1